Bravo - The Hits 2011 - Statistiken

Allgemein
  • Dieses Quiz wurde 280 mal gespielt
  • Das Durchschnittsergebnis liegt bei 20 aus 44
Antwortstatistiken
Song Interpret % Korrekt
Rolling In The Deep Adele
89%
Grenade Bruno Mars
88%
We Found Love Rihanna Feat. Calvin Harris
85%
Born This Way Lady Gaga
82%
Moves Like Jagger Maroon 5 Feat. Christina Aguilera
79%
On The Floor Jennifer Lopez & Pitbull
78%
Hangover Taio Cruz Feat. Flo Rida
77%
Levels Avicii
74%
Nur Noch Kurz Die Welt Retten Tim Bendzko
73%
More Usher
70%
Give Me Everything Pitbull Feat. Ne-Yo, Afrojack & Nayer
69%
E. T. Katy Perry
66%
Price Tag Jessie J Feat. B.O.B.
65%
Party Rock Anthem LMFAO Feat. Lauren Bennett & Goonrock
65%
Video Games Lana Del Rey
63%
Hollywood Hills Sunrise Avenue
63%
Sweat Snoop Dogg Vs. David Guetta
54%
Taken By A Stranger Lena
52%
Nur In Meinem Kopf Andreas Bourani
50%
The Time (Dirty Bit) The Black Eyed Peas
50%
Mr. Saxobeat Alexandra Stan
46%
Welcome To St. Tropez DJ Antoine Vs. Timati Feat. Kalenna
43%
Yeah 3x Chris Brown
42%
Geronimo Aura Dione
40%
Still Jupiter Jones
38%
New Age Marlon Roudette
37%
Pumped Up Kicks Foster The People
34%
Over The Rainbow Israel Kamakawiwo'ole
34%
Echt Glasperlenspiel
30%
Danza Kuduro Lucenzo Feat. Don Omar
26%
Call My Name Pietro Lombardi
26%
Stay Hurts
24%
You And Me (In My Pocket) Milow
23%
Molotov Seeed
20%
Coming Home Diddy-Dirty Money Feat. Skylar Grey
19%
When We Stand Together Nickelback
18%
Hungry Eyes Culcha Candela
16%
Mr. Know It All Kelly Clarkson
13%
Loca People (What The F**k!) Sak Noel
13%
Mirrors Natalia Kills
12%
Changed The Way You Kiss Me Example
11%
A Night Like This Caro Emerald
9%
Way Back Home Bag Raiders
7%
I Won't Let You Go James Morrison
7%
Keine übereinstimmenden Quizze gefunden
Verteilung der Resultate
Anzahl Personen mit jedem Resultat
Perzentil nach korrekt beantworteten Fragen
Ihre Resultats-Entwicklung
Sie haben dieses Quiz noch nicht gespielt